| 000 | 00443nam a2200157Ia 4500 | ||
|---|---|---|---|
| 008 | 220216s9999 xx 000 0 und d | ||
| 100 | _aWang Xiaorong | ||
| 245 | 0 | _aMemory of prior dynamic strain history in filled rubbers | |
| 260 |
_bRubber Chemistry and Technology _c2010 |
||
| 300 | _a149-159 | ||
| 500 | _aSource Year: 2010 | ||
| 650 | _aDynamic strain | ||
| 650 | _aFilled rubber | ||
| 700 | _aRobertson Christopher G | ||
| 942 | _cJS | ||
| 999 |
_c62832 _d62832 |
||